Science in Africa : (Record no. 147957)

MARC details
000 -LEADER
fixed length control field 00898nam a2200229 a 4500
008 - FIXED-LENGTH DATA ELEMENTS--GENERAL INFORMATION
fixed length control field
049 ## - LOCAL HOLDINGS (OCLC)
Holding library MAIN
090 ## - LOCALLY ASSIGNED LC-TYPE CALL NUMBER (OCLC); LOCAL CALL NUMBER (RLIN)
Classification number (OCLC) (R) ; Classification number, CALL (RLIN) (NR) Q84
003 - CONTROL NUMBER IDENTIFIER
control field
005 - DATE AND TIME OF LATEST TRANSACTION
control field 20230123133411.0
040 ## - CATALOGING SOURCE
Transcribing agency NUST
111 1# - MAIN ENTRY--MEETING NAME
Meeting name or jurisdiction name as entry element AAAS annual meeting
Date of meeting or treaty signing (1991 Feb. 15 :
Location of meeting Washington, DC)
245 10 - TITLE STATEMENT
Title Science in Africa :
Remainder of title achievements and prospects /
Statement of responsibility, etc. organized by the AAAS Sub-Saharan Africa Program.
260 ## - PUBLICATION, DISTRIBUTION, ETC.
Place of publication, distribution, etc. Washington, DC :
Name of publisher, distributor, etc. American Association for the Advancement of Science,
Date of publication, distribution, etc. 1991.
300 ## - PHYSICAL DESCRIPTION
Extent x, 155 p. ;
Dimensions 23 cm.
650 #1 - SUBJECT ADDED ENTRY--TOPICAL TERM
Topical term or geographic name entry element Science
Geographic subdivision Africa.
650 ## - SUBJECT ADDED ENTRY--TOPICAL TERM
Topical term or geographic name entry element Associations, institutions, etc.
General subdivision Evaluation.
700 ## - ADDED ENTRY--PERSONAL NAME
Personal name Chetsanga, Christopher J.
Title of a work Science and technology in Africa : policy strategies for continued success.
710 ## - ADDED ENTRY--CORPORATE NAME
Corporate name or jurisdiction name as entry element American Association for the Advancement of Science.
907 ## - LOCAL DATA ELEMENT G, LDG (RLIN)
a .b1008759x
b 11-04-05
c 03-09-03
942 ## - ADDED ENTRY ELEMENTS (KOHA)
Koha item type Ordinary Loan Books
Call number prefix Q84
Holdings
Date last seen Total Checkouts Full call number Barcode Cost, replacement price Price effective from Koha item type Lost status Source of classification or shelving scheme Damaged status Not for loan Collection Withdrawn status Home library Current library Shelving location Date acquired Cost, normal purchase price
01/23/2023   Q84 SCI 92003022077 80.00 01/23/2023 BOOKS   LCC     NFIC   MAIN MAIN GEN 01/23/2023 80.00